Name The Group Members - Statistics

General Stats
  • This quiz has been taken 19 times
  • The average score is 11 of 37
Answer Stats
Spice Girls % Correct
Michael Jackson
100%
Beyoncé Knowles
80%
Tito Jackson
80%
Victoria Beckham
80%
Mel B
73%
Geri Halliwell
67%
Jermaine Jackson
67%
Mel C
60%
Emma Bunton
53%
Harry Styles
53%
Randy Jackson
40%
Cheryl
33%
Liam Payne
33%
Lisa Lopes
33%
Michelle Williams
33%
Kelly Rowland
27%
Zayn Malik
27%
Nadine Coyle
20%
Niall Horan
20%
Darren Hayes
13%
Jackie Jakcson
13%
Kevin Richardson
13%
Louis Tomlinson
13%
Marlon Jackson
13%
Nick Carter
13%
Sarah Harding
13%
Tionne Watkins
13%
Farrah Franklin
7%
Howie D
7%
Nicola Roberts
7%
Rozonda Thomas
7%
AJ McLean
0%
Brian Littrell
0%
Daniel Jones
0%
Kimberley Walsh
0%
LaTavia Roberson
0%
LeToya Luckett
0%
No matching quizzes found
Score Distribution
Percent of People with Each Score
Percentile by Number Answered
Your Score History
You have not taken this quiz